00557nam a2200145Ia 4500008004000000082001700040100002300057245010800080260003600188300001200224690002100236906001100257999001700268952012600285210210b1978 xxu||||| |||| 00| 0 eng d a338.954 WADS aWADHVA (Charan D). aSome problems of India's economic policy: selected readings on planning, agriculture and foreign trade. aNDbTMH Publishing Co Ltdc1978 axvi,768 aIndian Economics a034136 c84781d84781 001040708EconomicsaALbALcEconomicsd2021-02-17g36.00l0o338.954 WADSp034136r2021-02-17 00:00:00w2021-02-17yBK